000
00515nam a2200169Ia 4500
008
090711s9999 xx 000 0 und d
082
_b
68020
100
_a
ढोले अनंत वि.
245
_a
शून्यातून अनंत
260
_c
1991
300
_a
104
600
_a
ढोले अनंत वि.
630
_a
शून्यातून अनंत
700
_a
ढोले अनंत वि.
730
_a
शून्यातून अनंत
942
_c
BOOK
999
_c
319382
_d
319382